Canzoni Vincitrici Premio miglior arrangiamento Festival di Sanremo - Statistics

Statistiche generali
  • Questo quiz è stato fatto 23 volte
    18 dall'ultimo reset
  • Il punteggio medio è 6 su 12
Statistiche sulle risposte
Anno Vincitore Premio per il miglior arrangiamento Canzone vincitrice % Corretto
2024 Angelina Mango La noia
93%
2013 Elio e le Storie Tese La canzone mononota
86%
2023 Marco Mengoni Due vite
79%
2016 Stadio Un giorno mi dirai
79%
2022 Elisa O forse sei tu
71%
2015 Nek Fatti avanti amore
64%
2021 Ermal Meta Un milione di cose da dirti
43%
2019 Simone Cristicchi Abbi cura di me
14%
2020 Tosca Ho amato tutto
14%
2017 Al Bano Di rose e di spine
7%
2018 Max Gazzè La leggenda di Cristalda e Pizzomunno
7%
2014 Renzo Rubino Per sempre e poi basta
7%
Nessun quiz corrispondente trovato
Distribuzione punteggi
Percentuale di utenti per punteggio
Percentile per numero di risposta
I tuoi punteggi nel tempo
Non hai fatto questo quiz dall'ultimo reset